Miesto sociálnej siete v propagácii agroturistiky bakalárska práca

Uložené v:
Podrobná bibliografia
Hlavný autor: Michalcová, Katarína
Korporativný autor: Obchodná fakulta EU. Katedra informatiky obchodných firiem
Ďalší autori: Pólya, Attila
Médium: Kniha
Jazyk:Slovak
Vydavateľské údaje: Bratislava 2012
Tagy: Pridať tag
Žiadne tagy, Buďte prvý, kto otaguje tento záznam!

MARC

LEADER 00000nbm a2200000 4500
001 0154636
005 20161109111855.9
041 0 |a slo 
044 |a SK 
245 1 0 |a Miesto sociálnej siete v propagácii agroturistiky  |b bakalárska práca  |c Katarína Michalcová ; školiteľ: Attila Pólya 
264 1 |a Bratislava  |c 2012 
300 |a 53 s. 
100 1 |a Michalcová, Katarína 
700 1 |a Pólya, Attila 
710 2 |a Obchodná fakulta EU. Katedra informatiky obchodných firiem